Cheltenham Gold Cup Winners - Statistics

General Stats
  • This quiz has been taken 171 times
    5 since last reset
  • The average score is 3 of 98
Answer Stats
Year Answer % Correct
2026 Gaelic Warrior
40%
2020 Al Boum Photo
20%
2019 Al Boum Photo
20%
1966 Arkle
20%
1965 Arkle
20%
1964 Arkle
20%
1989 Desert Orchid
20%
2025 Inothewayurthinkin
20%
2009 Kauto Star
20%
2007 Kauto Star
20%
2018 Native River
20%
2017 Sizing John
20%
1979 Alverton
0%
2022 A Plus Tard
0%
1925 Ballinode
0%
2004 Best Mate
0%
2003 Best Mate
0%
2002 Best Mate
0%
2013 Bob's Worth
0%
1983 Bregawn
0%
1939 Brendan's Cottage
0%
1984 Burrough Hill Lad
0%
1974 Captain Christy
0%
1988 Charter Party
0%
2015 Coneygree
0%
1998 Cool Dawn
0%
1992 Cool Ground
0%
1950 Cottage Rake
0%
1949 Cottage Rake
0%
1948 Cottage Rake
0%
1977 Davy Lad
0%
1986 Dawn Run
0%
2008 Denman
0%
2016 Don Cossack
0%
1930 Easter Hero
0%
1929 Easter Hero
0%
1985 Forgive n' Forget
0%
1947 Fortina
0%
1968 Fort Leney
0%
1954 Four Ten
0%
2024 Galopin Des Champs
0%
2023 Galopin Des Champs
0%
1991 Garrison Savannah
0%
1955 Gay Donald
0%
1972 Glencaraig Lady
0%
1936 Golden Miller
0%
1935 Golden Miller
0%
1934 Golden Miller
0%
1933 Golden Miller
0%
1932 Golden Miller
0%
1996 Imperial Call
0%
2010 Imperial Commander
0%
1993 Jodami
0%
1958 Kerstin
0%
2005 Kicking King
0%
1953 Knock Hard
0%
1926 Koko
0%
1971 L'Escargot
0%
1970 L'Escargot
0%
1956 Limber Hill
0%
1957 Linwell
0%
1981 Little Owl
0%
2011 Long Run
0%
2000 Looks Like Trouble
0%
2014 Lord Windermere
0%
1962 Mandarin
0%
1995 Master Oats
0%
1980 Master Smudge
0%
1942 Medoc II
0%
1978 Midnight Court
0%
1963 Mill House
0%
2021 Minella Indo
0%
1952 Mont Tremblant
0%
1938 Morse Code
0%
1997 Mr Mulligan
0%
1990 Norton's Coin
0%
1960 Pas Seul
0%
1928 Patron Saint
0%
1941 Poet Prince
0%
1946 Prince Regent
0%
1945 Red Rower
0%
1924 Red Splash
0%
1959 Roddy Owen
0%
1940 Roman Hackle
0%
1976 Royal Frolic
0%
1961 Saffron Tartan
0%
1999 See More Business
0%
1982 Silver Buck
0%
1951 Silver Fame
0%
2012 Synchronised
0%
1975 Ten Up
0%
1973 The Dikler
0%
1994 The Fellow
0%
1987 The Thinker
0%
1927 Throw In
0%
2006 War of Attrition
0%
1969 What A Myth
0%
1967 Woodland Venture
0%
No matching quizzes found
Score Distribution
Percent of People with Each Score
Percentile by Number Answered
Your Score History
You have not taken this quiz since the last reset